| 000 | 00466pab a2200181 454500 | ||
|---|---|---|---|
| 008 | 180718b2007 xxu||||| |||| 00| 0 eng d | ||
| 100 | _aStevenson, Betsey | ||
| 245 | _aMarriage and divorce: changes and their driving forces | ||
| 260 | _c2007 | ||
| 300 | _ap.27-52. | ||
| 362 | _aSpring | ||
| 650 | _aFamily disorganization | ||
| 650 | _aMarriage | ||
| 700 | _aWolfers, Justin | ||
| 773 | _aJournal of Economic Perspectives | ||
| 908 | _aN | ||
| 909 | _a74841 | ||
| 999 |
_c74841 _d74841 |
||